000 00289nam a22001217a 4500
003 OSt
005 20160727222456.0
008 160705b xxu||||| |||| 00| 0 eng d
100 _92175
_aRemembered Serenade
245 _aRemembered Serenade
300 _aRemembered Serenade
942 _2ddc
_cBK
999 _c1865
_d1865